Warrior Cats Books - The New Prophecy - Statistics

General Stats
  • This quiz has been taken 215 times
  • The average score is 5 of 6
Answer Stats
Book Number Answer % Correct
Book 1 Midnight
95%
Book 6 Sunset
95%
Book 3 Dawn
89%
Book 2 Moonrise
87%
Book 5 Twilight
83%
Book 4 Starlight
82%
No matching quizzes found
Score Distribution
Percent of People with Each Score
Percentile by Number Answered
Your Score History
You have not taken this quiz